The adventures of Marco Polo / (Record no. 3491)

MARC details
000 -LEADER
fixed length control field 01149cam a22003134a 4500
005 - DATE AND TIME OF LATEST TRANSACTION
control field 20251202143529.0
020 ## - INTERNATIONAL STANDARD BOOK NUMBER
International Standard Book Number 9780545019675
040 ## - CATALOGING SOURCE
Original cataloging agency DLC
Transcribing agency DLC
Modifying agency IG#
-- BAKER
-- OCO
-- GK8
-- TEF
-- DLC
Language of cataloging eng
050 00 - LIBRARY OF CONGRESS CALL NUMBER
Classification number G370.P9
Item number 2006
082 00 - DEWEY DECIMAL CLASSIFICATION NUMBER
Classification number 910.4
100 1# - MAIN ENTRY--PERSONAL NAME
Personal name Freedman, Russell
245 14 - TITLE STATEMENT
Title The adventures of Marco Polo /
Statement of responsibility, etc. by Russell Freedman ; With illustrations by Bagram Ibatoulline ; accompanied by archival, period artwork
250 ## - EDITION STATEMENT
Edition statement First Scholastic printing , November 2007
260 ## - PUBLICATION, DISTRIBUTION, ETC.
Place of publication, distribution, etc. New York :
Name of publisher, distributor, etc. Scholastic ,
Date of publication, distribution, etc. 2006
300 ## - PHYSICAL DESCRIPTION
Extent 63 pages :
Other physical details color illustrations, maps ,
Dimensions 24 cm .
505 ## - FORMATTED CONTENTS NOTE
Formatted contents note Z <br/><br/>
520 ## - SUMMARY, ETC.
Summary, etc. A look at the life of Marco Polo.
521 ## - TARGET AUDIENCE NOTE
Target audience note 1270 <br/>
Source Lexile <br/>
521 ## - TARGET AUDIENCE NOTE
Target audience note Z <br/>
Source Lexile <br/>
650 #0 - SUBJECT ADDED ENTRY--TOPICAL TERM
Topical term or geographic name entry element Explorers
Geographic subdivision Italy
Form subdivision Biography
-- Pictorial works
650 #0 - SUBJECT ADDED ENTRY--TOPICAL TERM
Topical term or geographic name entry element Storytelling
Form subdivision Pictorial works
650 #0 - SUBJECT ADDED ENTRY--TOPICAL TERM
Topical term or geographic name entry element Travel, Medieval
Form subdivision Pictorial works
650 #1 - SUBJECT ADDED ENTRY--TOPICAL TERM
Topical term or geographic name entry element Explorers
Form subdivision Biography
-- Pictorial works
650 #1 - SUBJECT ADDED ENTRY--TOPICAL TERM
Topical term or geographic name entry element Storytelling
Form subdivision Pictorial works.
650 #1 - SUBJECT ADDED ENTRY--TOPICAL TERM
Topical term or geographic name entry element Voyages and travels, Medieval
Form subdivision Pictorial works.
906 ## - LOCAL DATA ELEMENT F, LDF (RLIN)
a 7
b cbc
c orignew
d 1
e ecip
f 20
g y-gencatlg
942 ## - ADDED ENTRY ELEMENTS (KOHA)
Source of classification or shelving scheme Dewey Decimal Classification
Koha item type Books
Suppress in OPAC No
999 ## -
-- 3491
-- 3491
Holdings
Withdrawn status Lost status Source of classification or shelving scheme Damaged status Not for loan Collection Home library Current library Shelving location Date acquired Total Checkouts Full call number Barcode Date last seen Copy number Price effective from Koha item type Date last checked out
    Dewey Decimal Classification     Non-Fiction Footprints International School Library Network Toul Kork Campus Footprints International School Library Network Toul Kork Campus TTP Secondary Non-Fiction Bookshelves 03/13/2024   FRE 910.4 G370.P9 FIS04973 03/13/2024 1 03/13/2024 Books  
    Dewey Decimal Classification     Non-Fiction Footprints International School Library Network Toul Kork Campus Footprints International School Library Network Toul Kork Campus TTP Secondary Non-Fiction Bookshelves 03/13/2024   FRE 910.4 G370.P9 FISSE00854 10/22/2024 3 03/13/2024 Books  
    Dewey Decimal Classification     Non-Fiction Footprints International School Library Network Toul Kork Campus Footprints International School Library Network Toul Kork Campus A TK Campus, 4th Floor, Room B401, Non-Fiction Bookcases(7-8) 11/21/2024   FRE 910.4 G370.P9 FISTK03976 11/21/2024 4 11/21/2024 Books  
    Dewey Decimal Classification     Non-Fiction Footprints International School Library Network Toul Kork Campus Footprints International School Library Network Toul Kork Campus TTP Secondary Non-Fiction Bookshelves 11/21/2024   FRE 910.4 G370.P9 2024-2343 11/21/2024 5 11/21/2024 Books  
    Dewey Decimal Classification     Non-Fiction Footprints International School Library Network Toul Kork Campus Footprints International School Library Network Toul Kork Campus TTP Secondary Non-Fiction Bookshelves 11/21/2024   FRE 910.4 G370.P9 FISSE00952 12/13/2024 6 11/21/2024 Books  
    Dewey Decimal Classification     Non-Fiction Footprints International School Library Network Toul Kork Campus Footprints International School Library Network Toul Kork Campus TTP Secondary Non-Fiction Bookshelves 11/21/2024   FRE 910.4 G370.P9 FISSE00953 12/16/2024 8 11/21/2024 Books  
    Dewey Decimal Classification     Non-Fiction Footprints International School Library Network Toul Kork Campus Footprints International School Library Network Toul Kork Campus TTP Secondary Non-Fiction Bookshelves 11/21/2024   FRE 910.4 G370.P9 FISSE00855 12/17/2024 9 11/21/2024 Books  
    Dewey Decimal Classification     Non-Fiction Footprints International School Library Network Toul Tom Poung Campus Footprints International School Library Network Toul Tom Poung Campus TTP Secondary Non-Fiction Bookshelves 03/13/2024 1 FRE 910.4 G370.P9 FIS04959 02/27/2026 2 03/13/2024 Books 02/02/2026
    Dewey Decimal Classification     Non-Fiction Footprints International School Library Network Toul Tom Poung Campus Footprints International School Library Network Toul Tom Poung Campus TTP Secondary Non-Fiction Bookshelves 11/21/2024 2 FRE 910.4 G370.P9 FISSE00954 12/02/2025 7 11/21/2024 Books 12/02/2025
    Dewey Decimal Classification     Non-Fiction Footprints International School Library Network Toul Tom Poung Campus Footprints International School Library Network Toul Tom Poung Campus TTP Secondary Non-Fiction Bookshelves 06/16/2025   FRE 910.4 G370.P9 FIS04699 06/16/2025 10 06/16/2025 Books